Genealogía de la soberbia intelectual / (Record no. 128980)

MARC details
000 -LEADER
fixed length control field 00592nam a22001937a 4500
005 - DATE AND TIME OF LATEST TRANSACTION
control field 20170301111326.0
008 - FIXED-LENGTH DATA ELEMENTS--GENERAL INFORMATION
fixed length control field 170228b mx||||| |||| 00| 0 spa d
020 ## - INTERNATIONAL STANDARD BOOK NUMBER
International Standard Book Number 9786073135146
050 04 - LIBRARY OF CONGRESS CALL NUMBER
Classification number HM1263
Item number S47 2015
100 1# - MAIN ENTRY--PERSONAL NAME
Personal name Serna, Enrique,
Dates associated with a name 1959-
245 10 - TITLE STATEMENT
Title Genealogía de la soberbia intelectual /
Statement of responsibility, etc Enrique Serna
260 ## - PUBLICATION, DISTRIBUTION, ETC. (IMPRINT)
Place of publication, distribution, etc México, D. F. :
Name of publisher, distributor, etc Taurus,
Date of publication, distribution, etc 2015
300 ## - PHYSICAL DESCRIPTION
Extent 402 p. ;
Dimensions 19 cm.
440 #0 - SERIES STATEMENT/ADDED ENTRY--TITLE
Title Pensamiento
504 ## - BIBLIOGRAPHY, ETC. NOTE
Bibliography, etc Incluye bibliografía e índice
650 04 - SUBJECT ADDED ENTRY--TOPICAL TERM
Topical term or geographic name as entry element Autoridad
General subdivision Historia
650 04 - SUBJECT ADDED ENTRY--TOPICAL TERM
Topical term or geographic name as entry element Élite (Ciencias sociales)
General subdivision Historia
942 ## - ADDED ENTRY ELEMENTS (KOHA)
Source of classification or shelving scheme Biblioteca del Cogreso de los Estados Unidos
Koha item type Libro
Holdings
Estado de pérdida Fuente de clasificación Estado del daño No para préstamo Ubicación permanente Ubicación actual Apartado o colección Fecha de adquisición Fuente de adquisición Edición Enumeración de Serie / Cronológica Dependencia de educación superior (DES) Área del conocimiento Clasificación Código de Barras Date last seen Número de copia Tipo de recurso
  Biblioteca del Cogreso de los Estados Unidos     Biblioteca de la Facultad de Psicología Biblioteca de la Facultad de Psicología General 01/03/2017 Fondo Federal 1a. ed. BFP000011899 Ciencias de la Salud Ciencias de la Salud HM1263 S47 2015 BFP000011899 01/03/2017 1 Libro